| 000 | 01256nam a2200241 a 4500 | ||
|---|---|---|---|
| 001 | 000037015 | ||
| 005 | 20240415140330.0 | ||
| 008 | 120208s1960 cr r 001 0 spa d | ||
| 040 |
_aDO-SdBNP _bspa _cBNPHU |
||
| 082 |
_a352.34 _bJ61p, 1960 |
||
| 100 | 1 |
_aJiménez Castro, Wilburg _963418 |
|
| 245 | 1 | 0 |
_aPlanificación operativa o caos nacional / _cWilburg Jiménes Castro. |
| 250 | _a2ª ed. rev. | ||
| 260 |
_aSan José, Costa Rica : _bPublicaciones de la Dirección General de Estadísticas, _c1960. |
||
| 300 |
_a103 p. ; _c22 cm. |
||
| 504 | _aIncluye referencias bibliográficas y notas al pie de páginas. | ||
| 505 | 0 |
_gIntroducción -- _tLos objetivos estatales, el proceso político y la controversia equivocada sobre la planificación -- _tLa planificación operativa y la imperiosa necesidad que tenemos de ella en Costa Rica -- _tClases, requisitos y medios de planificación -- _tConcepción moderna del presupuesto -- _tEl sistema nacional de planificación operativa -- _gConclusiones -- _gBibliografía -- _gAnexos. |
|
| 590 | _aInventariado, 2018/BT | ||
| 650 | 0 |
_aAdministración pública _99266 |
|
| 650 | 4 |
_aPlanificación nacional _918863 |
|
| 650 | 4 |
_aPlanificación estratégica _92433 |
|
| 910 | _aValidado. Control de calidad. EMS | ||
| 999 |
_c36505 _d36505 |
||